The role of entrepreneurs in backward areas (Record no. 42033)

MARC details
000 -LEADER
fixed length control field 00324nam a2200121Ia 4500
020 ## - INTERNATIONAL STANDARD BOOK NUMBER
ISBN 8170350581
082 ## - DEWEY DECIMAL CLASSIFICATION NUMBER
Classification number 330.341.424
Item number SAD
100 ## - MAIN ENTRY--AUTHOR NAME
Personal name Sadhak, H
245 #4 - TITLE STATEMENT
Title The role of entrepreneurs in backward areas
260 ## - PUBLICATION, DISTRIBUTION, ETC. (IMPRINT)
Place of publication Delhi
Name of publisher Daya Publishing House
Year of publication 1989
942 ## - ADDED ENTRY ELEMENTS (KOHA)
Koha item type Books
Holdings
Withdrawn status Lost status Damaged status Not for loan Home library Current library Date acquired Cost, normal purchase price Full call number Accession Number Koha item type
        RRII Library RRII Library 16/12/2021 280.00 330.341.424 SAD 22312 Books